000 00649nam a2200181 a 4500
001 000027608
005 20200930030947.0
008 110401s1981 dr 000 0 spa d
040 _aDO-SdBNP
_bspa
_cBNPHU
082 _axxx
_bP979p, 1981
100 1 _aPuigsubirá-Mininño, Juan Enrique,
_d1932-1959
_954705
245 1 0 _aPensamientos en la lucha contra la tiranía /
_cJuan Enrique Puigsubira-Miniño (Johnny) introducción Enrique de Marchena Dajarric.
250 _a2a ed.
260 _aSanto Domingo :
_bEditora Corripio,
_c1981.
300 _a149, [8] p. ;
_c22 cm.
700 1 _aMarchena Dajarric, Enrique de
_eintrod.
_954706
049 _aBNPD
999 _c27100
_d27100